|
|
|
|
| LEADER |
00000naa0a2200000 4500 |
| 001 |
597160 |
| 005 |
20250203145902.0 |
| 035 |
|
|
|a (RuTPU)RU\TPU\tpu\20318
|
| 035 |
|
|
|a RU\TPU\tpu\20315
|
| 090 |
|
|
|a 597160
|
| 100 |
|
|
|a 20111122d1989 k y0rusy50 ca
|
| 101 |
0 |
|
|a rus
|
| 102 |
|
|
|a RU
|
| 200 |
1 |
|
|a Синергетика деформируемого твердого тела
|f В. Е. Панин
|
| 333 |
|
|
|a В фонде НТБ ТПУ отсутствует
|
| 463 |
|
|
|t Физика прочности и пластичности металлов и сплавов
|o тезисы докладов 12 Всесоюзной конференции, Куйбышев, 27-29 июня 1989 г.
|f Куйбышевский политехнический институт им. В. В. Куйбышева (КПИ) ; отв. ред. А. Н. Бекренев
|v С. 3-4
|d 1989
|
| 610 |
1 |
|
|a труды учёных ТПУ
|
| 700 |
|
1 |
|a Панин
|b В. Е.
|c специалист в области физики и механики деформируемого твердого тела, физического материаловедения
|c доктор физико-математических наук, профессор Томского политехнического университета
|c зав. кафедрой материаловедения в машиностроении
|c директор Российского материаловедческого центра
|c научный руководитель института физики прочности и материаловедения СО РАН
|f 1930-
|g Виктор Евгеньевич
|3 (RuTPU)RU\TPU\pers\12102
|
| 801 |
|
1 |
|a RU
|b 63413507
|c 20111122
|
| 801 |
|
2 |
|a RU
|b 63413507
|c 20111122
|g RCR
|
| 942 |
|
|
|c BK
|